La literatura argentina; tomo ix /

Guardado en:
Autor Principal: Rojas, Ricardo
Formato: Libro
Publicado: Buenos Aires : La Facultad, 1924
Edición:2a. ed.
Materias:
Etiquetas: Agregar Etiqueta
Sin Etiquetas, Sea el primero en etiquetar este registro!
LEADER 00620nam a22002175a 4500
001 CEM.cems005531
005 20060221000000.0
008 130507s1924##################000#0#####d
003 CEMS
082 0 4 |a A860.9 
100 1 |a Rojas, Ricardo 
245 1 0 |a La literatura argentina; tomo ix / 
250 |a 2a. ed. 
260 |a Buenos Aires :  |b La Facultad,  |c 1924 
300 |a 973 p. 
505 0 |a Los gauchescos, II parte 
653 |a Literatura 
653 |a Literatura argentina 
653 |a Literatura argentina-historia 
653 |a Poesia gauchesca 
859 |a CEMS  |b BIB. CEMS - 11 de abril  |h A860.9  |i R638a2/IX  |p 10862.81  |t Ej.1